<?xml version="1.0" encoding="UTF-8"?>
<record
    xmlns:xsi="http://www.w3.org/2001/XMLSchema-instance"
    xsi:schemaLocation="http://www.loc.gov/MARC21/slim http://www.loc.gov/standards/marcxml/schema/MARC21slim.xsd"
    xmlns="http://www.loc.gov/MARC21/slim">

  <leader>00392nam a22001817a 4500</leader>
  <controlfield tag="003">OSt</controlfield>
  <controlfield tag="005">20211228151204.0</controlfield>
  <controlfield tag="008">211228b        |||||||| |||| 00| 0 eng d</controlfield>
  <datafield tag="020" ind1=" " ind2=" ">
    <subfield code="a">9788120349995</subfield>
  </datafield>
  <datafield tag="040" ind1=" " ind2=" ">
    <subfield code="c">HU</subfield>
  </datafield>
  <datafield tag="082" ind1=" " ind2=" ">
    <subfield code="a">005.133</subfield>
  </datafield>
  <datafield tag="100" ind1=" " ind2=" ">
    <subfield code="a">Deitel Paul</subfield>
    <subfield code="9">25790</subfield>
  </datafield>
  <datafield tag="245" ind1=" " ind2=" ">
    <subfield code="a">C++ How To Program</subfield>
  </datafield>
  <datafield tag="250" ind1=" " ind2=" ">
    <subfield code="a">9th</subfield>
  </datafield>
  <datafield tag="260" ind1=" " ind2=" ">
    <subfield code="a">USA</subfield>
    <subfield code="b">USA</subfield>
  </datafield>
  <datafield tag="300" ind1=" " ind2=" ">
    <subfield code="f">1028</subfield>
  </datafield>
  <datafield tag="942" ind1=" " ind2=" ">
    <subfield code="2">ddc</subfield>
    <subfield code="c">BOOKS</subfield>
    <subfield code="n">0</subfield>
  </datafield>
  <datafield tag="999" ind1=" " ind2=" ">
    <subfield code="c">24686</subfield>
    <subfield code="d">24686</subfield>
  </datafield>
  <datafield tag="952" ind1=" " ind2=" ">
    <subfield code="0">0</subfield>
    <subfield code="1">0</subfield>
    <subfield code="2">ddc</subfield>
    <subfield code="4">0</subfield>
    <subfield code="7">0</subfield>
    <subfield code="a">006</subfield>
    <subfield code="b">006</subfield>
    <subfield code="c">GEN</subfield>
    <subfield code="d">2021-12-28</subfield>
    <subfield code="l">0</subfield>
    <subfield code="o">005.133/DEI/2004</subfield>
    <subfield code="p">IOTL0001769</subfield>
    <subfield code="r">2021-12-28 00:00:00</subfield>
    <subfield code="t">1</subfield>
    <subfield code="w">2021-12-28</subfield>
    <subfield code="y">BOOKS</subfield>
  </datafield>
  <datafield tag="952" ind1=" " ind2=" ">
    <subfield code="0">0</subfield>
    <subfield code="1">0</subfield>
    <subfield code="2">ddc</subfield>
    <subfield code="4">0</subfield>
    <subfield code="7">0</subfield>
    <subfield code="a">006</subfield>
    <subfield code="b">006</subfield>
    <subfield code="c">GEN</subfield>
    <subfield code="d">2021-12-28</subfield>
    <subfield code="l">0</subfield>
    <subfield code="o">005.133/DEI/2004</subfield>
    <subfield code="p">IOTL0001770</subfield>
    <subfield code="r">2021-12-28 00:00:00</subfield>
    <subfield code="t">2</subfield>
    <subfield code="w">2021-12-28</subfield>
    <subfield code="y">BOOKS</subfield>
  </datafield>
  <datafield tag="952" ind1=" " ind2=" ">
    <subfield code="0">0</subfield>
    <subfield code="1">0</subfield>
    <subfield code="2">ddc</subfield>
    <subfield code="4">0</subfield>
    <subfield code="7">0</subfield>
    <subfield code="a">006</subfield>
    <subfield code="b">006</subfield>
    <subfield code="c">GEN</subfield>
    <subfield code="d">2021-12-28</subfield>
    <subfield code="l">0</subfield>
    <subfield code="o">005.133/DEI/2004</subfield>
    <subfield code="p">IOTL0001771</subfield>
    <subfield code="r">2021-12-28 00:00:00</subfield>
    <subfield code="t">3</subfield>
    <subfield code="w">2021-12-28</subfield>
    <subfield code="y">BOOKS</subfield>
  </datafield>
  <datafield tag="952" ind1=" " ind2=" ">
    <subfield code="0">0</subfield>
    <subfield code="1">0</subfield>
    <subfield code="2">ddc</subfield>
    <subfield code="4">0</subfield>
    <subfield code="7">0</subfield>
    <subfield code="a">006</subfield>
    <subfield code="b">006</subfield>
    <subfield code="c">GEN</subfield>
    <subfield code="d">2021-12-28</subfield>
    <subfield code="l">0</subfield>
    <subfield code="o">005.133/DEI/2004</subfield>
    <subfield code="p">IOTL0001772</subfield>
    <subfield code="r">2021-12-28 00:00:00</subfield>
    <subfield code="t">4</subfield>
    <subfield code="w">2021-12-28</subfield>
    <subfield code="y">BOOKS</subfield>
  </datafield>
  <datafield tag="952" ind1=" " ind2=" ">
    <subfield code="0">0</subfield>
    <subfield code="1">0</subfield>
    <subfield code="2">ddc</subfield>
    <subfield code="4">0</subfield>
    <subfield code="7">0</subfield>
    <subfield code="a">006</subfield>
    <subfield code="b">006</subfield>
    <subfield code="c">GEN</subfield>
    <subfield code="d">2021-12-28</subfield>
    <subfield code="l">0</subfield>
    <subfield code="o">005.133/DEI/2004</subfield>
    <subfield code="p">IOTL0001773</subfield>
    <subfield code="r">2021-12-28 00:00:00</subfield>
    <subfield code="t">5</subfield>
    <subfield code="w">2021-12-28</subfield>
    <subfield code="y">BOOKS</subfield>
  </datafield>
  <datafield tag="952" ind1=" " ind2=" ">
    <subfield code="0">0</subfield>
    <subfield code="1">0</subfield>
    <subfield code="2">ddc</subfield>
    <subfield code="4">0</subfield>
    <subfield code="7">0</subfield>
    <subfield code="a">006</subfield>
    <subfield code="b">006</subfield>
    <subfield code="c">GEN</subfield>
    <subfield code="d">2022-11-22</subfield>
    <subfield code="l">0</subfield>
    <subfield code="o">005.133/DEL/2004</subfield>
    <subfield code="p">IOTL0021583</subfield>
    <subfield code="r">2022-11-22 00:00:00</subfield>
    <subfield code="t">6</subfield>
    <subfield code="w">2022-11-22</subfield>
    <subfield code="y">BOOKS</subfield>
  </datafield>
  <datafield tag="952" ind1=" " ind2=" ">
    <subfield code="0">0</subfield>
    <subfield code="1">0</subfield>
    <subfield code="2">ddc</subfield>
    <subfield code="4">0</subfield>
    <subfield code="7">0</subfield>
    <subfield code="a">006</subfield>
    <subfield code="b">006</subfield>
    <subfield code="c">GEN</subfield>
    <subfield code="d">2022-12-22</subfield>
    <subfield code="l">0</subfield>
    <subfield code="o">005.133/DEL/2004</subfield>
    <subfield code="p">IOTL0022223</subfield>
    <subfield code="r">2022-12-22 00:00:00</subfield>
    <subfield code="t">7</subfield>
    <subfield code="w">2022-12-22</subfield>
    <subfield code="y">BOOKS</subfield>
  </datafield>
  <datafield tag="952" ind1=" " ind2=" ">
    <subfield code="0">0</subfield>
    <subfield code="1">0</subfield>
    <subfield code="2">ddc</subfield>
    <subfield code="4">0</subfield>
    <subfield code="7">0</subfield>
    <subfield code="a">006</subfield>
    <subfield code="b">006</subfield>
    <subfield code="c">GEN</subfield>
    <subfield code="d">2022-12-22</subfield>
    <subfield code="l">0</subfield>
    <subfield code="o">005.133/DEL/2004</subfield>
    <subfield code="p">IOTL0022224</subfield>
    <subfield code="r">2022-12-22 00:00:00</subfield>
    <subfield code="t">8</subfield>
    <subfield code="w">2022-12-22</subfield>
    <subfield code="y">BOOKS</subfield>
  </datafield>
  <datafield tag="952" ind1=" " ind2=" ">
    <subfield code="0">0</subfield>
    <subfield code="1">0</subfield>
    <subfield code="2">ddc</subfield>
    <subfield code="4">0</subfield>
    <subfield code="7">0</subfield>
    <subfield code="a">006</subfield>
    <subfield code="b">006</subfield>
    <subfield code="c">GEN</subfield>
    <subfield code="d">2022-12-22</subfield>
    <subfield code="l">0</subfield>
    <subfield code="o">005.133/DEL/2004</subfield>
    <subfield code="p">IOTL0022225</subfield>
    <subfield code="r">2022-12-22 00:00:00</subfield>
    <subfield code="t">9</subfield>
    <subfield code="w">2022-12-22</subfield>
    <subfield code="y">BOOKS</subfield>
  </datafield>
  <datafield tag="952" ind1=" " ind2=" ">
    <subfield code="0">0</subfield>
    <subfield code="1">0</subfield>
    <subfield code="2">ddc</subfield>
    <subfield code="4">0</subfield>
    <subfield code="7">0</subfield>
    <subfield code="a">006</subfield>
    <subfield code="b">006</subfield>
    <subfield code="c">GEN</subfield>
    <subfield code="d">2023-01-04</subfield>
    <subfield code="l">0</subfield>
    <subfield code="o">005.133/DEL/2004</subfield>
    <subfield code="p">IOTL0022235</subfield>
    <subfield code="r">2023-01-04 00:00:00</subfield>
    <subfield code="t">10</subfield>
    <subfield code="w">2023-01-04</subfield>
    <subfield code="y">BOOKS</subfield>
  </datafield>
  <datafield tag="952" ind1=" " ind2=" ">
    <subfield code="0">0</subfield>
    <subfield code="1">0</subfield>
    <subfield code="2">ddc</subfield>
    <subfield code="4">0</subfield>
    <subfield code="7">0</subfield>
    <subfield code="a">006</subfield>
    <subfield code="b">006</subfield>
    <subfield code="c">GEN</subfield>
    <subfield code="d">2023-01-04</subfield>
    <subfield code="l">0</subfield>
    <subfield code="o">005.133/DEL/2004</subfield>
    <subfield code="p">IOTL0022236</subfield>
    <subfield code="r">2023-01-04 00:00:00</subfield>
    <subfield code="t">11</subfield>
    <subfield code="w">2023-01-04</subfield>
    <subfield code="y">BOOKS</subfield>
  </datafield>
  <datafield tag="952" ind1=" " ind2=" ">
    <subfield code="0">0</subfield>
    <subfield code="1">0</subfield>
    <subfield code="2">ddc</subfield>
    <subfield code="4">0</subfield>
    <subfield code="7">0</subfield>
    <subfield code="a">006</subfield>
    <subfield code="b">006</subfield>
    <subfield code="c">GEN</subfield>
    <subfield code="d">2023-01-04</subfield>
    <subfield code="l">0</subfield>
    <subfield code="o">005.133/DEL/2004</subfield>
    <subfield code="p">IOTL0022237</subfield>
    <subfield code="r">2023-01-04 00:00:00</subfield>
    <subfield code="t">12</subfield>
    <subfield code="w">2023-01-04</subfield>
    <subfield code="y">BOOKS</subfield>
  </datafield>
  <datafield tag="952" ind1=" " ind2=" ">
    <subfield code="0">0</subfield>
    <subfield code="1">0</subfield>
    <subfield code="2">ddc</subfield>
    <subfield code="4">0</subfield>
    <subfield code="7">0</subfield>
    <subfield code="a">006</subfield>
    <subfield code="b">006</subfield>
    <subfield code="c">GEN</subfield>
    <subfield code="d">2023-01-04</subfield>
    <subfield code="l">0</subfield>
    <subfield code="o">005.133/DEL/2004</subfield>
    <subfield code="p">IOTL0022238</subfield>
    <subfield code="r">2023-01-04 00:00:00</subfield>
    <subfield code="t">13</subfield>
    <subfield code="w">2023-01-04</subfield>
    <subfield code="y">BOOKS</subfield>
  </datafield>
</record>
